书目信息 |
| 题名: |
立体构成
|
|
| 作者: | 胡介鸣 编著 | |
| 分册: | ||
| 出版信息: | 上海 上海人民美术出版社 2006.07 |
|
| 页数: | 126页 | |
| 开本: | 24cm | |
| 丛书名: | 高等院校设计专业系列教材 | |
| 单 册: | ||
| 中图分类: | J06 | |
| 科图分类: | ||
| 主题词: | 立体--li ti--构图 (美术)--高等学校--教材 | |
| 电子资源: | ||
| ISBN: | 7-5322-4638-8 | |
| 000 | 00912nam 2200253 450 | |
| 001 | 012007055499 | |
| 005 | 20071011104100.32 | |
| 010 | @a7-5322-4638-8@dCNY38.00 | |
| 100 | @a20070814d2006 km y0chiy0120 ea | |
| 101 | 0 | @achi |
| 102 | @aCN@b310000 | |
| 105 | @aa z 000yy | |
| 200 | 1 | @a立体构成@Ali ti gou cheng@f胡介鸣编著@Fhu jie ming bian zhu |
| 205 | @a第2版 | |
| 210 | @a上海@c上海人民美术出版社@d2006.07 | |
| 215 | @a126页@c彩图@d24cm | |
| 225 | 2 | @a高等院校设计专业系列教材@Agao deng yuan xiao she ji zhuan ye xi lie jiao cai |
| 330 | @a本教材系修订版,保持第一版的特色与优势以外,又增补了一些切实、有效的新内容。国内从未有任何此类教材,如本书将立体构成有机带入立体设计的方方面面。 | |
| 410 | 0 | @12001 @a高等院校设计专业系列教材 |
| 606 | 0 | @a立体@Ali ti@x构图 (美术)@x高等学校@j教材 |
| 690 | @aJ06@v4 | |
| 701 | 0 | @a胡介鸣@Ahu jie ming@4编著 |
| 801 | 0 | @aCN@c20071011 |
| 905 | @dJ06@eH474 | |
| 立体构成/胡介鸣编著.-第2版.-上海:上海人民美术出版社,2006.07 |
| 126页:彩图;24cm.-(高等院校设计专业系列教材) |
| ISBN 7-5322-4638-8:CNY38.00 |
| 本教材系修订版,保持第一版的特色与优势以外,又增补了一些切实、有效的新内容。国内从未有任何此类教材,如本书将立体构成有机带入立体设计的方方面面。 |
| ● |
| 相关链接 |
|
|
|
正题名:立体构成
索取号:J06/H474
 
预约/预借
| 序号 | 登录号 | 条形码 | 馆藏地/架位号 | 状态 | 备注 |
| 1 | 252508 | 202525080 | 社科库309/309社科库 62排3列1层/ [索取号:J06/H474] | 在馆 |